| 000 | 00405nam a22001697a 4500 | ||
|---|---|---|---|
| 005 | 20160629111001.0 | ||
| 008 | 160629b xxu||||| |||| 00| 0 eng d | ||
| 020 | _a90-5700-521-2 | ||
| 041 | _aeng | ||
| 082 | _b10982 | ||
| 100 |
_aGoonatilake, Susantha _93014 |
||
| 245 | _aMerged Evolution | ||
| 260 |
_bGarden and Brach Publishers _c2005 |
||
| 300 | _a220 | ||
| 650 |
_aManagement _9241 |
||
| 942 | _cBK | ||
| 999 |
_c4589 _d4587 |
||